| Tag |
First Indicator |
Second Indicator |
Subfields |
| LEADER |
00000cam a2200000 i 4500 |
| 001 |
in00000011101 |
| 005 |
20190207093338.0 |
| 008 |
751217s1975 txua 00010 eng |
| 010 |
|
|
|a 75331616
|
| 035 |
|
|
|a (OCoLC)01977038
|
| 035 |
|
|
|9 AAA5770AM
|
| 040 |
|
|
|a DLC
|c DLC
|d TXA
|d UtOrBLW
|
| 043 |
|
|
|a n-us-tx
|
| 049 |
|
|
|a TXAS
|c [A09893986]
|
| 050 |
0 |
0 |
|a F395.G3
|b S35
|
| 082 |
0 |
|
|a 976.4/004/31
|
| 100 |
1 |
|
|a Schmidt, Curt E.
|
| 245 |
1 |
0 |
|a Oma & Opa :
|b German-Texan pioneers /
|c by Curt E. Schmidt.
|
| 264 |
|
1 |
|a New Braunfels, Tex. :
|b Folkways Pub. Co.,
|c [1975]
|
| 264 |
|
4 |
|c ©1975
|
| 300 |
|
|
|a 129 pages :
|b illustrations ;
|c 29 cm.
|
| 336 |
|
|
|a text
|b txt
|2 rdacontent
|
| 337 |
|
|
|a unmediated
|b n
|2 rdamedia
|
| 338 |
|
|
|a volume
|b nc
|2 rdacarrier
|
| 500 |
|
|
|a The Cushing Library/Chapman Texas Collection copy is part of the Floyd & Louise Chapman Texas & Borderlands Collection.
|5 TXA
|
| 500 |
|
|
|a "German folksongs": pages 85-128.
|
| 650 |
|
0 |
|a German Americans
|z Texas
|x Social life and customs.
|
| 651 |
|
0 |
|a Texas
|x Social life and customs.
|
| 999 |
|
|
|a MARS
|
| 999 |
f |
f |
|s f3be1d65-e337-34c9-a99d-3418d4cd772c
|i d2846353-f8f3-3604-8f21-557e23dc30e2
|t 0
|
| 952 |
f |
f |
|p noncirc
|a Texas A&M University
|b College Station
|c Cushing Memorial Library & Archives
|d Cushing: Chapman Texas Collection (Does not check out)
|t 0
|e F395.G3 S35
|h Library of Congress classification
|i unmediated -- volume
|m A14851947383
|
| 998 |
f |
f |
|a F395.G3 S35
|t 0
|l Cushing: Chapman Texas Collection (Does not check out)
|